Margot Abate (Star Academy 11) - Statistiques

Statistiques générales
  • Ce quiz a été pris 189 fois
  • Le résultat moyen est 9 sur 15
Statistiques - réponses
Question Réponse % Correct
Avec qui a-t-elle formé un duo culte durant la semaine des binômes ? Victorien
98%
Quelle chanson n'a t-elle jamais chanté pendant l'émission ? Girl on fire
83%
Avec quel(le) artiste a-t-elle partagé un duo lors du 4e prime ? Zazie
83%
Quel métier exerçait-elle avant d'intégrer le château ? Animatrice
78%
Avec quel élève n'a-t-elle jamais partagé de duo sur un prime ? Djebril
73%
Quel est le nom de son premier titre, sorti avant d'intégrer l'aventure ? Quand tu danses
73%
Sur quelle chanson le public l'a découverte pour la première fois ? Mon coeur
63%
Quelle chanson a-t-elle écrite au château ? La Babos Vie
58%
Quelle élève a-t-elle rencontré lors de son casting à Paris avant d'intégrer l'émission ? Clara
54%
Quel titre a-t-elle chanté pour ses dernières évaluations ? Ziggy
53%
En quelle année est-elle née ? 1998
51%
Sur quelle chanson a-t-elle rendu hommage à son père ? Quelques mots d'amour
51%
Avec quel ancien de la Star Ac collabore t-elle pour ses projets musicaux ? Jeremy Chapron (Saison 7)
46%
Où a-t-elle tourné le clip "Le Tour du Monde" ? Au Cap Ferret
37%
A quelle date a-t-elle sorti son titre "Le tour du Monde" ? 26 Avril 2024
34%
Aucun quiz correspondant
Distribution des résultats
% des personnes avec chaque résultat
Percentile par nombre de réponses
Votre historique - résultats
Vous n’avez pas pris ce quiz